| 000 | 02194nam0a2200313 4500 | ||
|---|---|---|---|
| 001 | RU\NLR\BIBL_A\012170002 | ||
| 005 | 20200110115422.0 | ||
| 010 |
_a978-5-7513-2695-1 _950 |
||
| 021 |
_aRU _bКН-П-19-088150 _9КН-П-19-6432 |
||
| 035 | _a(NLR Aleph) 012170002 | ||
| 035 | _a(RuMoRGB)010160295 | ||
| 090 |
_a12237190 _c12237190 |
||
| 100 | _a20191223d2019 u y0rusy50 ca | ||
| 101 | 0 | _arus | |
| 102 | _aRU | ||
| 105 | _aa|||z|||000zy | ||
| 200 | 1 |
_aЦентрализованное теплоснабжение _eучебное пособие _e[для студентов направления подготовки "Строительство" по профилям "Теплогазоснабжение и вентиляция", "Энергоэффективность и экологичность зданий", магистрантов по направлению подготовки "Энергосбережение и энергоэффек в зданиях"] _fВ. Н. Иванов, А. Н. Колодезникова _gМинистерство науки и высшего образования Российской Федерации, Северо-Восточный федеральный университет имени М. К. Аммосова, Инженерно-технический институт |
|
| 210 |
_aЯкутск _cИздательский дом Северо-Восточного федерального университета _d2019 |
||
| 215 |
_a83 с. _cил., табл. _d21 |
||
| 320 | _aБиблиогр.: с. 82 (10 назв.) | ||
| 606 | 1 |
_aТеплоснабжение централизованное _jУчебные издания для высших учебных заведений _92349529 _3RU\NLR\AUTH\661403792 |
|
| 686 | 1 | _aЗ383я73-1 | |
| 700 | 1 |
_aИванов _bВ. Н. _cканд. техн. наук, теплоэнергетика _gВиктор Наумович _9207577 _3RU\NLR\AUTH\770207630 |
|
| 701 | 1 |
_aКолодезникова _bА. Н. _gАнна Николаевна |
|
| 942 | _cBOOK | ||
| 980 | _aNBR | ||
| 980 | _aNB | ||